| 000 | 00646nam a2200205 a 4500 | ||
|---|---|---|---|
| 005 | 20240925064948.0 | ||
| 008 | 040623s2003 mx r 000 0 spa d | ||
| 020 | _a9682468604 | ||
| 035 | _aUPN01000133898 | ||
| 049 | _aCG | ||
| 050 | 4 |
_aLB1062.6 _bCH3.2 |
|
| 100 | 1 | _aChávez Castellanos, Rogelio | |
| 245 | 1 | 0 |
_aCómo aprobar las materias escolares sin estudiar : _bmanual para estudiantes / _cRogelio Chávez Castellanos. |
| 260 |
_aMéxico : _bTrillas, _c2003. |
||
| 300 |
_a94 p. : _bil. |
||
| 650 | 4 |
_aMétodos de estudio _94280 |
|
| 650 | 4 |
_aPsicología del aprendizaje _95221 |
|
| 650 | 2 |
_aAprendizaje escolar _96487 |
|
| 905 | _aLibro | ||
| 999 |
_c106049 _d106049 |
||